| 000 | 01591cam a2200229 4500 | ||
|---|---|---|---|
| 001 | X121370 | ||
| 008 | 030218n2003 000 0 eng u | ||
| 035 | _a(Sirsi) u121370 | ||
| 100 | _aWillmore, C. | ||
| 245 | 4 | _aThe use of land owned by public bodies to deliver National Park objectives | |
| 260 | _c2003 | ||
| 490 |
_aJournal of Planning and Environment Law _vFebruary 2003, 148-156(9) |
||
| 520 | _aFollowing on from a previous article on National Park powers (Abs66297), discusses the ways in which land currently owned by public bodies in National Parks can be used to further National Park objectives. Considers the rationale behind using public acquisition of land as a means to deliver these objectives and details public body land holdings in National Parks. Suggests that provisions in the Environment Act 1995 that created a duty for public bodies to consider National Park objectives had little impact. Explains the series of possible bases upon which public bodies may own land in the UK and looks at the application of the National Parks and Access to the Countryside Act 1949 s101 to Crown lands. Highlights the role of the Forestry Commission and concludes there is little coherance in the way public bodies approach the relationship between National Park objectives and their own functions. | ||
| 650 | _aNATIONAL PARKS | ||
| 650 | _aENVIRONMENT ACT 1995 | ||
| 650 | _aPUBLIC BODIES | ||
| 650 | _aLANDOWNERSHIP | ||
| 650 | _aNATIONAL PARKS AND ACCESS TO THE COUNTRYSIDE ACT 1949 | ||
| 650 | _aCROWN LAND | ||
| 690 | _aRURAL-NATURE CONSERVATION | ||
| 942 | _n0 | ||
| 999 |
_c72124 _d72124 |
||